00895nam a2200157Ia 4500008004100000020001500041050002100056100003100077245004400108250001800152260005300170300003600223500007500259505036200334650004100696120626s2002 mx a 000 0 spa d a9681665260 aF1224 bF56 2002 aFlorescano, Enriqueeautor aMemoria mexicana c/ Enrique Florescano a3a. edición aMéxicob: Fondo de Cultura Económicac, 1994 a676 páginasb: ilustraciones  aIncluye: Indice general, Prólogo, Bibliografía, Indice analítico aLas cosmogonías mesoamericanas y la creación de espacio tiempo y la memoria La concepción naua del tiempo y el espacio Representación y usos del pasado Mito e historia La conquista y la elaboración de un nuevo discurso histórico Transformación de la memoria indígena La construcción de la nación y el conflicto de identidades 0aINDIOS DE MÉXICOxHISTORIOGRAFÍA